000 00241nam a22001097a 4500
999 _c262598
_d262597
020 _a9781572747296
100 _aJanet
245 _aThe Coral Reef
260 _aNew York
_bRichard C. Owen Publishers
_c2006
300 _a16 pgs
942 _cBK